00355nam a2200133Ia 45000030006000000080041000060400015000471000036000622450033000982600053001313000006001845460014001900050017002040STCL150530s9999 xx 000 0 und d aSTCLcSTCL aChirackal Balakrishnan Nair, T. aKeralabhasha Ganangal Vol. 1 bKerala Sahitya Academi; Thrissurc1979aThrissur a0 aMalayalam20220125170730.0